000 00787cam a22002654a 4500
001 13438343
005 20180205074057.0
008 031217s2004 njua b 001 0 eng
010 _a 2003027462
020 _a1556424914 (alk. paper)
035 _a(DNLM)101201071
040 _aDNLM/DLC
_cDLC
_dDLC
041 _aeng
042 _apcc
060 1 0 _aWE 103
_bR989k 2004
080 _a612.76 RYB
082 0 0 _a612.76 RYB
_222
100 1 _a8
101 _aEKZ
245 1 0 _aKinesiology for occupational therapy /
_cMelinda Rybski.
504 _aIncludes bibliographical references and index.
906 _a7
_bcbc
_corignew
_d1
_eecip
_f20
_gy-gencatlg
942 _2ddc
_cBK
999 _c41779
_d41779